| 000 | 00608nam a22001937a 4500 | ||
|---|---|---|---|
| 999 |
_c172312 _d172312 |
||
| 005 | 20200131130307.0 | ||
| 010 | _aENG-127616 | ||
| 020 |
_a9789388322546 _c599.00 |
||
| 035 | _aEN-111148 | ||
| 037 | _bDBAD/PUB | ||
| 082 | _a954.025 | ||
| 100 | _aGupta,Subhadra sen | ||
| 245 |
_aMahal power and pageantry in the mughal harem / _bby Subhadra Sen Gupta |
||
| 260 |
_aGurugram _bHachette India _c2019 |
||
| 270 |
_bGurugram _a4th & 5th floor , corporate centre, plot no-94,sector-44 _e122003 |
||
| 300 |
_a288p. _b21cm(hb) |
||
| 500 | _a include index | ||
| 942 |
_2ddc _cEN _h954.025 _mGUP |
||